=LDR 00000nam 2200000 4500 =001 INLIS000000000034036 =005 20130612135944 =008 ***********************************ind** =035 ##$$0010-061300000034036 =041 ##$$a ind =082 ##$$a 650.1 =090 ##$$a 650.1, Dar k =100 ##$$a Darmawan, Dadan =245 ##$$a Kaya dari bisnis properti, Tip dan trik bisnis tanah, rumah,rumah kos-kosan, apartemen dan menjadi agen properti/Dadan Darmawan; Penyunting, Yoga Anggoro =260 ##$$a 2009 $b Jakarta =300 ##$$a viii,123 hlm., Ilus, 21 cm =650 ##$$a Sukses Dalam Bisnis =700 ##$$a Anggoro, Yoga =850 ##$$a NBPNMAT